Missing Word: First Person Movies Quiz Stats

 Plays Quiz Updated Mar 8, 2016

Challenge
Share
Tweet
Embed
Score 0/26 Timer 04:00
1 Play Today
Movie Title Missing Word % Correct
___, I Shrunk the KidsHoney
95.7%
I ___ You, ManLove
95%
10 ___ I Hate About YouThings
93.5%
So I Married an ___ MurdererAxe
85.3%
The ___ and IKing
81.3%
I Am ___Legend
79.3%
I, ___Robot
67.7%
I Am ___Sam
66.6%
I Know Who ___ MeKilled
58.5%
I Was a ___ WerewolfTeenage
55.7%
I Love You to ___Death
50.1%
I Think I Love My ___Wife
47.5%
I Love You, ___ CooperBeth
44.9%
Movie Title Missing Word % Correct
I'm Gonna Git You ___Sucka
34.2%
I Love You, ___ MorrisPhillip
33.3%
I Heart ___Huckabees
31.4%
I Ought to Be in ___Pictures
27.5%
I'm ___ HereStill
21%
The Last Time I Saw ___Paris
19.5%
I ___ Andy WarholShot
15.6%
I ___ MamaRemember
12.7%
I'm ___ as Fast as I CanDancing
10.1%
I Am a ___ from a Chain GangFugitive
10%
___ & IWithnail
9.1%
I ___Spy
7.4%
I, the ___Jury
3.5%

Today's Daily Dose

You're not logged in!

Compare scores with friends on all Sporcle quizzes.
OR
Log In

You Might Also Like...

Show Comments

Extras

Top Quizzes Today


Score Distribution

Your Account Isn't Verified!

In order to create a playlist on Sporcle, you need to verify the email address you used during registration. Go to your Sporcle Settings to finish the process.

Report this User

Report this user for behavior that violates our Community Guidelines.

Details: